000 00403nam a22001571a 4500
020 _a9788171308521
082 _aM3
_bPRA/A
100 _aPrabhakaran N
_9119057
245 _aAdrusyavanangal/
_cby Prabhakaran N
260 _aKottayam:
_bD C Books,
_c1998.
300 _a68p.
650 _aNovel Malayalam
_9119058
650 _aLiterature Malayalam
_9119059
650 _aLiterature
_9119060
942 _cBK
999 _c1014
_d1014